000 00877nam a22002417a 4500
001 81003
003 BD-RjUL
005 20221220175720.0
008 221220s1970 bg a|||| m||| 00| 0 eng d
035 _a(BD-RjUL)81003
040 _aBD-RjUL
_beng
_cBD-RjUL
_dBD-RjUL
041 _aeng
082 _223
_a664.722
_bAHQ 1970
100 _aAhmed. Sadeque Uddin
_96398
245 1 0 _aQuantitative genetic analysis of chromosomes 1B and 4A of common Wheat /
_cby Sadeque, Uddin Ahmed ;
_6Supervisor : Johan, Kuspira
260 _aCanada :
_bDepartment of Genetics, Edmonton, Alberta Canada
300 _a[9], 96 leaves :
_bill, ;
_c29.cm.
502 _aThesis (Ph. D.) -- Department of Genetics, Edmonton, Alberta Canada 1970
504 _aBibliography : Leaves 40 -47
650 _aWheat
_vFood technology
_96391
700 _aKuspira, Johan, Supervisor
_96399
942 _2ddc
_cTHE
999 _c81003
_d81003